Reference and set index, Volume 9

Bibliographic Details
Format: Book
Published: New York : Oxford University Press , 2003
Series:The New Encyclopedia of Science (Second Edition)

MARC

LEADER 00000cam a2200000 7i4500
001 0000059986
005 20160329.0
008 160223
020 |a 019521918X (set) 
020 |a 019521966X 
090 0 0 |a R 500   |b NEW 
245 1 0 |a Reference and set index, Volume 9 
260 |a New York :   |b Oxford University Press ,   |c 2003 
300 |a 171 pg :   |b Col., Ill ;   |c 30cm. 
490 0 |a The New Encyclopedia of Science (Second Edition) 
999 |a 0000894744   |b Book   |c REFERENCE   |e Cawangan Segamat 
999 |a 0000894746   |b Book   |c REFERENCE   |e Cawangan Tmn. Ungku Tun Aminah 
999 |a 0000894747   |b Book   |c REFERENCE   |e Cawangan Tmn. Ungku Tun Aminah